Responsabilidad social educativa : una mirada a instituciones de básica y media del Valle de Aburrá /

Bibliographic Details
Main Authors: Méndez Ortiz, Edwin Leonardo (Author), Guacaneme Duque, Natalia (Author), Ibargüen Mena, Harold Antonio (Author), Gómez Lorduy, Rubén Darío (Author)
Format: Electronic eBook
Language:Spanish
Published: Bogotá D.C., Colombia : Corporación Universitaria Minuto de Dios - UNIMINUTO, 2018.
Subjects:
Online Access:Digitalia Hispánica

MARC

LEADER 00000nam a2200000Ii 4500
001 DIGCUMD0204
003 NyNyDIG
008 240122s2018 ck a ob 000 0 spa d
006 m o d
007 cr |||||||||||
035 |a (OCoLC)1419044459 
040 |a DGITA  |b eng  |e rda  |e pn  |c DGITA 
043 |a s-ck--- 
020 |a 9789587632965  |q digital 
020 |z 9789587632958 
050 1 4 |a LC196 ebook 
100 1 |a Méndez Ortiz, Edwin Leonardo,  |e author. 
245 1 0 |a Responsabilidad social educativa :  |b una mirada a instituciones de básica y media del Valle de Aburrá /  |c autores, Miguel Alejandro Barreto Cruz, Natalia Guacaneme Duque ; coautores, Harold Antonio Ibargüen Mena, Rubén Darío Gómez Lorduy. 
264 1 |a Bogotá D.C., Colombia :  |b Corporación Universitaria Minuto de Dios - UNIMINUTO,  |c 2018. 
300 |a 1 online resource :  |b illustrations. 
336 |a text  |b txt  |2 rdacontent 
337 |a computer  |b c  |2 rdamedia 
338 |a online resource  |b cr  |2 rdacarrier 
347 |a text file  |2 rdaft 
347 |b PDF 
504 |a Includes bibliographical references. 
588 0 |a Online resource; title from PDF title page (Digitalia, viewed January 22, 2024) 
650 0 |a School management and organization. 
650 0 |a Educational leadership. 
650 0 |a Education  |z Colombia  |z Aburrá Valley  |x Social conditions. 
651 0 |a Aburrá Valley (Colombia)  |z Social conditions. 
700 1 |a Guacaneme Duque, Natalia,  |e author. 
700 1 |a Ibargüen Mena, Harold Antonio,  |e author. 
700 1 |a Gómez Lorduy, Rubén Darío,  |e author. 
791 2 |a Digitalia (Firm),  |e distributor. 
793 0 |g Digitalia ebook Collection:  |a Corporación Universitaria Minuto de Dios 
776 0 8 |i Print version:  |a Méndez Ortiz, Edwin Leonardo.  |t Responsabilidad social educativa.  |b Primera edición.  |d Bogotá D.C., Colombia : Corporación Universitaria Minuto de Dios - UNIMINUTO, 2018  |z 9789587632958 
856 4 0 |3 Digitalia Hispánica  |u https://www.digitaliapublishing.com/a/131747/ 
910 |a Premium collection: 2024